| 000 | 01034nam0a22002771 4500 | ||
|---|---|---|---|
| 001 | rc\169063 | ||
| 005 | 20250620215333.0 | ||
| 010 |
_a5-87170-014-4 _95000 |
||
| 035 | _a(NLR Aleph) 005432200 | ||
| 090 |
_a7589304 _c7589304 |
||
| 100 | _a20030307d1992 |||y0rusy50 ca | ||
| 101 | 0 | _arus | |
| 102 | _aRU | ||
| 105 | _ay ||||||||| | ||
| 200 | 1 |
_aСовременная западная социология. Теории, традиции, перспективы _e[Пер. со швед.] |
|
| 210 |
_aСПб. _cНотабене _d1992 |
||
| 215 |
_a443, [2] с. _d22 |
||
| 300 | _aВ содерж. авт.: П. Монсон, А. Боглинд, М. Бекк-Виклунд и др. | ||
| 320 | _aБиблиогр. в конце глав | ||
| 320 | _aПеревод изд.: Moderna samhällsteorier: traditioner, riktningar, teoretiker / Rer Månson (Stockholm, 1991) | ||
| 700 | 1 |
_aМонсон _bП. _gПер |
|
| 801 | 0 |
_aRU _bNLR _gpsbo |
|
| 801 | 1 |
_aRU _bELAR _2rusmarc |
|
| 852 |
_aNLR _j92-5/1898 |
||
| 942 | _cBOOK | ||
| 980 | _aNB | ||